| 000 | 00546cam a2200181 a 4500 | ||
|---|---|---|---|
| 001 | e 10000986 | ||
| 003 | DLC | ||
| 005 | 20260227111153.0 | ||
| 008 | 990524s1904 fr 000 0 fre | ||
| 010 | _ae 10000986 | ||
| 040 |
_aDLC _cEYM _dDLC |
||
| 050 | 0 | 0 |
_aLB775.E55 _bE48 1904 |
| 100 | 1 |
_aElslander, J. F., _d1865- |
|
| 245 | 1 | 2 |
_aL'école nouvelle; _besquisse d'une éducation basée sur les lois de l'évolution humaine. |
| 260 |
_aParis [etc.] _bJ. Lebègue & cie _c[1904?] |
||
| 300 |
_a2 p. l., 275 p. ; _c23cm. |
||
| 650 | 0 | _aEducation. | |
| 999 |
_c18986 _d18986 |
||